Diccionario de la administración, del comercio y de la vida práctica en Filipinas / (Record no. 161330)

MARC details
000 -LEADER
campo de control de longitud fija 01229nam a22002055i 4500
001 - NÚMERO DE CONTROL
campo de control 161330
003 - IDENTIFICADOR DE NÚMERO DE CONTROL
campo de control ES-MaACL
005 - FECHA Y HORA DE LA ÚLTIMA TRANSACCIÓN
campo de control 20230906212249.0
008 - DATOS DE LONGITUD FIJA--INFORMACIÓN GENERAL
campo de control de longitud fija 990111m18799999phl |||| | spa d
040 ## - FUENTE DE CATALOGACIÓN
Centro catalogador/agencia de origen CCPB | B
Lengua de catalogación spa
Centro/agencia transcriptor CCPB | B
080 ## - NÚMERO DE LA CLASIFICACIÓN DECIMAL UNIVERSAL
Número de la Clasificación Decimal Universal 336.8(599)
100 1# - ENTRADA PRINCIPAL--NOMBRE DE PERSONA
Nombre de persona Pan, José Felipe del.
9 (RLIN) 130811
245 10 - MENCIÓN DEL TÍTULO
Título Diccionario de la administración, del comercio y de la vida práctica en Filipinas /
Mención de responsabilidad, etc. por José Felipe del Pan, con la colaboración de José de la Rosa.
260 ## - PUBLICACIÓN, DISTRIBUCIÓN, ETC.
Lugar de publicación, distribución, etc. Manila :
Nombre del editor, distribuidor, etc. [s.n.],
Fecha de publicación, distribución, etc. 1879 (
Fabricante Imprenta de Manuel Pérez)
300 ## - DESCRIPCIÓN FÍSICA
Extensión 1 v. (pag. var.) ;
Dimensiones 25 cm.
500 ## - NOTA GENERAL
Nota general No se publicaron mas volúmenes.
651 #4 - PUNTO DE ACCESO ADICIONAL DE MATERIA--NOMBRE GEOGRÁFICO
Nombre geográfico Filipinas-
Subdivisión general Administración-
Subdivisión cronológica S.XIX.
9 (RLIN) 8653
700 1# - ENTRADA AGREGADA--NOMBRE PERSONAL
Nombre de persona Rosa, José de la.
9 (RLIN) 132059
852 ## - LOCALIZACIÓN
Ubicación ES-MaACL
Número de control de estantería G-3851
Nota libre -- Enc. pasta
Encuadernación Published in conjunction with the "Revista de Filipinas." The first 84 pages are variously paged 17-380, filling in the omissions in the paging of vol. 1 of the "Revista de Filipinas"; from 85-420 the paging is continuous. Incomplete: the last number is that of June 1, 1877 and ends with the word "cesta o? cesto", instead of "compentencia" which should complete the volume. Vol. 1 issued separately 1879. No more published. (del wordlcat)
Holdings
Estatus retirado Estado de pérdida Estado de daño No para préstamo Colección Biblioteca de origen Biblioteca actual Ubicación en estantería Fecha de adquisición Fuente de adquisición Total de préstamos Signatura topográfica completa Código de barras Visto por última vez Precio de reemplazo Tipo de ítem Koha
        Colección de referencia Biblioteca del Ateneo de Madrid Biblioteca del Ateneo de Madrid Depósito 2 17/01/2008     G-3851 1168982 23/02/2023 23/02/2023 Libro impreso antiguo